| 000 -LEADER |
| fixed length control field |
00578nam a22002057a 4500 |
| 001 - CONTROL NUMBER |
| control field |
22112 |
| 003 - CONTROL NUMBER IDENTIFIER |
| control field |
BD-DhUAP |
| 005 - DATE AND TIME OF LATEST TRANSACTION |
| control field |
20240401122826.0 |
| 008 - FIXED-LENGTH DATA ELEMENTS--GENERAL INFORMATION |
| fixed length control field |
240318b2009 th |||| |||| 000 0 eng d |
| 020 ## - INTERNATIONAL STANDARD BOOK NUMBER |
| International Standard Book Number |
9780230716896 |
| 040 ## - CATALOGING SOURCE |
| Original cataloging agency |
BD-DhDIU |
| Language of cataloging |
eng |
| Transcribing agency |
BD-DhDIU |
| Modifying agency |
BD-DhUAP |
| 082 ## - DEWEY DECIMAL CLASSIFICATION NUMBER |
| Edition number |
22 |
| Classification number |
808.83872 AME |
| 245 ## - TITLE STATEMENT |
| Title |
American stories |
| Statement of responsibility, etc. |
edited by Thompson , Lesly |
| 260 ## - PUBLICATION, DISTRIBUTION, ETC. |
| Place of publication, distribution, etc. |
Thailand : |
| Name of publisher, distributor, etc. |
Macmillan Publishers Limited; |
| Date of publication, distribution, etc. |
2009. |
| 300 ## - PHYSICAL DESCRIPTION |
| Extent |
198 p. : |
| 440 ## - SERIES STATEMENT/ADDED ENTRY--TITLE |
| Title |
Macmillan Litrature Collection |
| 650 ## - SUBJECT ADDED ENTRY--TOPICAL TERM |
| Topical term or geographic name entry element |
Stories - American |
| 700 ## - ADDED ENTRY--PERSONAL NAME |
| Personal name |
Jones,Ceri, |
| Relator term |
ed. |
| 942 ## - ADDED ENTRY ELEMENTS (KOHA) |
| Source of classification or shelving scheme |
|
| Koha item type |
Book |